000 00480nam a2200157 i 4500
001 90716
003 ES-MaACL
005 20230906180537.0
007 t|
008 050124s1907 fr ||||1| fre d
100 1 _aLeclercq, H.
_971093
245 1 0 _aManuel d'archéologie chrétienne depuis les origines jusquiau VIIIe siècle /
_cpar H. Leclercq.
260 _a[S.l. :
_bs.n.,
_c1907] (
_eMacon :
_fProtat Frères)
300 _a2 v. ;
_c25 cm.
852 _aES-MaACL
_jF-5934-5935
999 _c90716
_d90716